00415nam a2200145Ia 4500003000400000020001800004082001400022100001800036245002500054250001200079260005300091300001100144650002200155653009200177SGT a9788187522089 a4.64bHUS aHusain,Ashfaq aNetworks and systems a2nd Ed. bKhanna Books Publishing Co. Ltd.aN. Delhic2008 a1145p. aCOMPUTER SCIENCE  aINTRODUCTION,CIRCUIT ELEMENTS,SIGNAL WAVEFORM,KIRCHHOFF'S LAWS AND EQUIVALENT NETWORKS